UFC Nicknames - Statistics

General Stats
  • This quiz has been taken 95 times
    41 since last reset
  • The average score is 47 of 75
Answer Stats
Nickname Fighter % Correct
"Do Bronx" Charles Oliveira
97%
"The Diamond" Dustin Poirier
97%
"Mighty Mouse" Demetrious Johnson
94%
"The Nigerian Nightmare" Kamaru Usman
91%
"Poatan" Alex Pereira
88%
"The Notorious" Conor Mcgregor
88%
"The Last Stylebender" Israel Adesanya
88%
"Bones" Jon Jones
88%
"The Eagle" Khabib Nurmagomedov
88%
"Blessed" Max Holloway
88%
"El Cucuy" Tony Ferguson
88%
"Cowboy" Donald Cerrone
84%
"El Matador"/ "The Legend" Ilia Topuria
84%
"The Baddy" Paddy Pimblett
84%
"Rampage" Quinton Jackson
84%
"Suga" Sean O'Malley
84%
"The Spider" Anderson Silva
81%
"The Assassin Baby" Brandon Moreno
81%
"Rush" Georges St-Pierre
81%
"The Highlight" Justin Gaethje
81%
"The Wolf"/ "Borz" Khamzat Chimaev
81%
"Rocky" Leon Edwards
81%
"Bobby Knuckles"/"The Reaper" Robert Whittaker
81%
"The Korean Zombie" Chan Sung Jung
78%
"The Hangman" Dan Hooker
78%
"Chito" Marlon Vera
78%
"The Machine" Merab Dvalishvili
78%
"No Mercy" Petr Yan
78%
"The Great" Alexander Volkanovski
75%
"Funkmaster" Aljamain Sterling
75%
"The Iceman" Chuck Liddell
75%
"Big Ank" Magomed Ankalaev
75%
"Rumble" Anthony Johnson
72%
"Remember the Name" Belal Muhammad
72%
"T-City" Brian Ortega
72%
"Gamebred" Jorge Masvidal
72%
"Shogun" Maurício Rua
72%
"Wonderboy" Stephen Thompson
72%
"No Love" Cody Garbrandt
69%
"Bullet" Valentina Shevchenko/ Sharaputdin Magomedov
69%
"Soldier of God" Yoel Romero
69%
"Showtime" Anthony Pettis
66%
"Bon Gamin" Ciryl Gane
66%
"Trailblazer" Kevin Holland
66%
"Axe Murderer" Wanderlei Silva
66%
"Lioness" Amanda Nunes
63%
"Lionheart" Anthony Smith
59%
"Thug Nasty" Bryce Mitchell
59%
"Venom" Michael Page
53%
"Money" Renato Moicano
53%
"Ruthless" Robbie Lawler
53%
"The Killa Gorilla" Jared Cannonier
50%
"The Dragon" Lyoto Machida
50%
"The Count" Michael Bisping
50%
"Iron" Michael Chandler
50%
"Rowdy" Ronda Rousey
50%
"The California Kid" Urijah Faber
47%
"Chaos" Colby Covington
44%
"The Dominator" Dominick Cruz
44%
"Lord" Jean Silva
41%
"Junior" José Aldo/ Edson Barboza
41%
"Thug" Rose Namajunas
41%
"The Nightmare" Carlos Prates
34%
"Cyborg" Cristiane Justino
34%
"The Natural" Caio Borralho/ Randy Couture
31%
"The Gorilla" Darren Till
28%
"The Tarantula" Jalin Turner
28%
"Jacaré" Ronaldo Souza
28%
"The Damage" Darren Elkins
22%
"Tank" David Abbott
22%
"The Devastator" Dominick Reyes
22%
"Deus da Guerra" Deiveson Figueiredo
19%
"Bate Estaca"/ "Piledriver" Jessica Andrade
13%
"The Boogeywoman" Joanna Jędrzejczyk
13%
"The Hulk" Ion Cuțelaba
9%
No matching quizzes found
Score Distribution
Percent of People with Each Score
Percentile by Number Answered
Your Score History
You have not taken this quiz since the last reset